000
00263nam a22001217a 4500
008
170605b xxu||||| |||| 00| 0 eng d
041
_a
eng
080
_a
94(7/8)
100
_a
18
101
_a
SHH
245
_a
THE AMERICAN WAR
_c
FRANCIS.J
942
_2
udc
_c
BK
999
_c
15886
_d
15886